| 000 | 01155nam a2200349 i 4500 | ||
|---|---|---|---|
| 001 | bgj | ||
| 100 | 1 |
_aWHARTON, Edith _d(1862-1937) |
|
| 245 | 1 | 0 |
_aNovellas and Other Writings / _cEdith Wharton ; [edited by] Cynthia Griffin Wolff. |
| 260 |
_aNew York : _bLiterary Classics of the United States, _cc. 1990. |
||
| 300 |
_a1137 pp : _bill. ; _c21 cm. |
||
| 490 | 1 |
_aThe Library of America ; _v47 |
|
| 505 | _aContents : Madame de Treymes ; Ethan Frome ; Summer ; Old New York ; The Mother's Recompense ; A Backward Glance. | ||
| 650 | 9 |
_aAmerican fiction _y20th century |
|
| 650 | 9 | _aWharton Edith, 1862-1937 | |
| 650 | 9 | _aNovelists, American | |
| 655 | _aMemoirs | ||
| 655 | _aBiographies | ||
| 700 | 1 |
_aWOLFF, Cynthia Griffin. _eed. |
|
| 740 | 0 | 2 | _aMadame de Treymes |
| 740 | 0 | 2 | _aEthan Frome |
| 740 | 0 | 2 | _aSummer |
| 740 | 0 | 2 | _aOld New York |
| 740 | 0 | 2 | _aThe Mother's Recompense |
| 740 | 0 | 2 | _aA Backward Glance |
| 830 | _aThe Library of America ; | ||
| 020 | _a0940450534 (hbk, jacket) | ||
| 040 | _cBPK | ||
| 041 | 0 | _aeng | |
| 920 | _a0-940450-53-4 (hbk, jacket) | ||
| 942 | _cKS | ||
| 008 | s uk f |000 0 eng | ||
| 999 |
_c47235 _d47235 |
||